| 000 | 00621nam a22002177a 4500 | ||
|---|---|---|---|
| 003 | OSt | ||
| 005 | 20250914125508.0 | ||
| 008 | 200728b ||||| |||| 00| 0 eng d | ||
| 020 | _a9781111571177 | ||
| 040 | _cKCST | ||
| 082 |
_a530 _bGi Co |
||
| 100 |
_aGiordano, Nicholas _94780 |
||
| 245 |
_aCollege Physics : _breasoning and relationships / _cNicholas Giordano |
||
| 250 |
_avolume 1, 2nd edition. _bInt. edition. |
||
| 260 |
_a[not identified]: _bBrooks/Cole/Cengage Learning, _c2013. |
||
| 300 | _a544 p. | ||
| 650 |
_aPhysics _xTextbooks _94781 |
||
| 655 |
_aTextbooks _94782 |
||
| 942 |
_cCTBK _2ddc |
||
| 942 | _2ddc | ||
| 999 |
_c516 _d516 |
||